Border Order: Europe Quiz Stats

 Plays Quiz Updated May 29, 2017

Challenge
Share
Tweet
Embed
Score 0/21 Timer 06:00
0 Plays Today
Hint Answer % Correct
France???
77.3%
Italy???
65.6%
Russia???
62.2%
Belarus???
60.4%
Bosnia and Herzegovina???
55.4%
Poland???
55.3%
Albania???
50.3%
Belgium???
47.1%
Austria???
40%
Switzerland???
33%
Czechia???
31.4%
Hint Answer % Correct
Greece???
30.9%
Latvia ???
30.5%
Hungary???
28.4%
Romania???
27.4%
Slovenia???
26.8%
Bulgaria???
21.5%
Ukraine???
18.9%
Finland???
16.4%
Germany???
11.5%
Serbia???
10.6%

You're not logged in!

Compare scores with friends on all Sporcle quizzes.
Join for Free
OR
Log In

You Might Also Like...

Show Comments

Extras

Top Quizzes Today


Score Distribution

Your Account Isn't Verified!

In order to create a playlist on Sporcle, you need to verify the email address you used during registration. Go to your Sporcle Settings to finish the process.

Report this User

Report this user for behavior that violates our Community Guidelines.

Details: